| 000 | 00000nam 2200000za 4500 |
| 001 | 9.840252 |
| 003 | CaOODSP |
| 005 | 20221107151809 |
| 007 | cr ||||||||||| |
| 008 | 170725q2017 onc |o f|0| 0 eng d |
| 040 | |aCaOODSP|beng |
| 043 | |an-cn--- |
| 086 | 1 |aCi4-169/2017E-PDF |
| 245 | 00|aAtlantic Immigration Pilot |h[electronic resource] : |ba step by step guide. |
| 260 | |a[Ottawa?] : |bImmigration, Refugees and Citizenship Canada, |c[2017?]. |
| 300 | |a[1] p. |
| 500 | |aIssued also in French under title: Programme pilote d'immigration au Canada atlantique : guide étape par étape. |
| 500 | |aCaption title. |
| 692 | 07|2gccst|aImmigration |
| 710 | 1 |aCanada. |bImmigration, Refugees and Citizenship Canada. |
| 775 | 08|tProgramme pilote d’immigration au Canada atlantique |w(CaOODSP)9.840257 |
| 856 | 40|qPDF|s1.15 MB|uhttps://publications.gc.ca/collections/collection_2017/ircc/Ci4-169-2017-eng.pdf |